000 00552nam a2200205Ia 4500
005 20250923150121.0
008 008 250917s9999 xx 000 0 eng d
037 _aTextual
040 _aDSWL
_beng
_cDSWL
041 _aeng
_2eng
084 _qDSWL
100 _aBartoli, Henri
_9842419
245 0 _aRethinking development : Putting an end to poverty
_c by Henri Bartoli
260 _aJaipur
_bRawat Publication India
_c2002
300 _a183p.
365 _aINR
_b495
925 _g495
942 _cTEXL
999 _c1459745
_d1459745